| 000 | 00333nam a2200121Ia 4500 | ||
|---|---|---|---|
| 008 | 210430s9999 xx 000 0 und d | ||
| 020 | _a978-81-265-1702-2 | ||
| 082 | _a537.622 S9971P | ||
| 100 |
_aS.M. Sze, Kwok K. Ng _927819 |
||
| 245 |
_aPhysics of Emiconductor Devices _cS.M. Sze, Kwok K. Ng |
||
| 300 | _a815 | ||
| 942 |
_cBK _2ddc |
||
| 999 |
_c565410 _d565410 |
||